[Event "DVM U20w 2016"]
[Site "Borken-Gemen GER"]
[Date "2016.12.27"]
[Round "1"]
[White "Gamisch, Laura"]
[Black "Schulze, Lara"]
[Result "0-1"]
[Termination "normal"]
[Board "1.1"]
[BlackTitle "WFM"]
[WhiteElo "1800"]
[BlackElo "1920"]
[WhiteClock "00:12:26"]
[BlackClock "00:03:14"]
[WhiteTeam "TSV Forstenried"]
[BlackTeam "SK Lehrte"]
[PlyCount "76"]
[WhiteFideId "24615161"]
[BlackFideId "12956830"]
[EventCountry "GER"]
[EventRounds "7"]
[EventType "team-swiss"]
[EventDate "2016.12.26"]

1. d4 {[%clk 1:30:56]} Nf6 {[%clk 1:30:59]} 2. c4 {[%clk 1:31:16]} e6 {[%clk
1:31:24]} 3. Nc3 {[%clk 1:31:29]} Bb4 {[%clk 1:31:48]} 4. Qc2 {[%clk 1:31:30]}
b6 {[%clk 1:32:09]} 5. Bg5 {[%clk 1:29:58]} h6 {[%clk 1:31:17]} 6. Bf4 {[%clk
1:29:22]} Bb7 {[%clk 1:28:44]} 7. f3 {[%clk 1:28:04]} Nc6 {[%clk 1:17:43]} 8.
e3 {[%clk 1:26:09]} d6 {[%clk 1:10:07]} 9. Bg3 {[%clk 1:23:39]} O-O {[%clk
1:07:29]} 10. Bd3 {[%clk 1:22:18]} e5 {[%clk 1:05:04]} 11. d5 {[%clk 1:19:35]}
Ne7 {[%clk 1:01:33]} 12. Nge2 {[%clk 1:16:19]} b5 {[%clk 1:00:52]} 13. b3
{[%clk 1:12:45]} bxc4 {[%clk 0:58:05]} 14. bxc4 {[%clk 1:13:01]} c6 {[%clk
0:57:11]} 15. e4 {[%clk 1:11:49]} cxd5 {[%clk 0:55:29]} 16. cxd5 {[%clk
1:09:12]} Rc8 {[%clk 0:50:15]} 17. O-O {[%clk 1:07:19]} Qa5 {[%clk 0:42:48]}
18. Rfc1 {[%clk 1:04:25]} Nd7 {[%clk 0:40:29]} 19. Bf2 {[%clk 0:52:48]} f5
{[%clk 0:37:55]} 20. Qb2 {[%clk 0:47:12]} Nc5 {[%clk 0:33:38]} 21. Bxc5 {[%clk
0:45:11]} Bxc5+ {[%clk 0:33:43]} 22. Kh1 {[%clk 0:45:33]} Ba6 {[%clk 0:29:30]}
23. Bxa6 {[%clk 0:39:40]} Qxa6 {[%clk 0:29:21]} 24. Qb5 {[%clk 0:38:54]} Qxb5
{[%clk 0:27:15]} 25. Nxb5 {[%clk 0:39:16]} fxe4 {[%clk 0:27:33]} 26. fxe4
{[%clk 0:38:48]} Rf2 {[%clk 0:25:27]} 27. Rc2 {[%clk 0:35:45]} a6 {[%clk
0:18:41]} 28. Nbc3 {[%clk 0:33:08]} Bb4 {[%clk 0:15:53]} 29. Rac1 {[%clk
0:28:46]} Rc4 {[%clk 0:10:58]} 30. h3 {[%clk 0:26:07]} Ng6 {[%clk 0:10:46]} 31.
Na4 {[%clk 0:19:10]} Rxe4 {[%clk 0:08:20]} 32. Ng3 {[%clk 0:17:35]} Re1+ {[%clk
0:07:14]} 33. Kh2 {[%clk 0:16:34]} Rxc1 {[%clk 0:06:51]} 34. Rxf2 {[%clk
0:16:04]} Rd1 {[%clk 0:04:50]} 35. Rb2 {[%clk 0:15:29]} a5 {[%clk 0:04:09]} 36.
Nb6 {[%clk 0:14:35]} Bc5 {[%clk 0:04:09]} 37. Nf5 {[%clk 0:13:28]} h5 {[%clk
0:03:26]} 38. Nc8 {[%clk 0:12:26]} Bg1+ {[%clk 0:03:14]} 0-1

[Event "DVM U20w 2016"]
[Site "Borken-Gemen GER"]
[Date "2016.12.27"]
[Round "1"]
[White "Böhm, Jana"]
[Black "Bosse, Lea"]
[Result "1-0"]
[Termination "normal"]
[Board "1.2"]
[WhiteElo "1968"]
[BlackElo "1653"]
[WhiteClock "00:12:12"]
[BlackClock "00:05:31"]
[WhiteTeam "SK Lehrte"]
[BlackTeam "TSV Forstenried"]
[PlyCount "57"]
[WhiteFideId "24661589"]
[BlackFideId "12900419"]
[EventCountry "GER"]
[EventRounds "7"]
[EventType "team-swiss"]
[EventDate "2016.12.26"]

1. e4 {[%clk 1:30:59]} e6 {[%clk 1:30:44]} 2. d4 {[%clk 1:31:25]} d5 {[%clk
1:31:08]} 3. Nd2 {[%clk 1:31:51]} dxe4 {[%clk 1:28:34]} 4. Nxe4 {[%clk
1:32:15]} Bd7 {[%clk 1:27:40]} 5. Nf3 {[%clk 1:32:13]} Bc6 {[%clk 1:27:47]} 6.
Bd3 {[%clk 1:30:57]} Nd7 {[%clk 1:26:24]} 7. O-O {[%clk 1:30:02]} Ngf6 {[%clk
1:25:20]} 8. Ng3 {[%clk 1:25:07]} h5 {[%clk 1:18:53]} 9. Re1 {[%clk 1:16:34]}
h4 {[%clk 1:05:17]} 10. Nf5 {[%clk 1:10:07]} h3 {[%clk 0:42:39]} 11. Ng5 {[%clk
0:57:30]} Ng8 {[%clk 0:35:43]} 12. Nxh3 {[%clk 0:55:15]} Ne7 {[%clk 0:34:00]}
13. Ng3 {[%clk 0:48:52]} Nf6 {[%clk 0:32:50]} 14. Nf4 {[%clk 0:44:37]} Qd7
{[%clk 0:25:47]} 15. c4 {[%clk 0:36:25]} O-O-O {[%clk 0:23:17]} 16. Be3 {[%clk
0:34:59]} Kb8 {[%clk 0:19:35]} 17. b4 {[%clk 0:33:31]} b6 {[%clk 0:18:07]} 18.
b5 {[%clk 0:33:10]} Bb7 {[%clk 0:18:23]} 19. a4 {[%clk 0:30:00]} c6 {[%clk
0:15:06]} 20. Qe2 {[%clk 0:23:07]} Nc8 {[%clk 0:13:21]} 21. Red1 {[%clk
0:19:31]} Qc7 {[%clk 0:11:28]} 22. c5 {[%clk 0:18:37]} cxb5 {[%clk 0:08:28]}
23. cxb6 {[%clk 0:17:27]} Nxb6 {[%clk 0:08:30]} 24. Bxb5 {[%clk 0:17:03]} Bd6
{[%clk 0:07:43]} 25. Rdc1 {[%clk 0:17:24]} Qe7 {[%clk 0:07:43]} 26. Rab1 {[%clk
0:14:26]} Ka8 {[%clk 0:06:03]} 27. Nd3 {[%clk 0:11:56]} Rc8 {[%clk 0:05:39]}
28. Nc5 {[%clk 0:11:36]} Bxc5 {[%clk 0:05:31]} 29. dxc5 {[%clk 0:12:12]} 1-0

[Event "DVM U20w 2016"]
[Site "Borken-Gemen GER"]
[Date "2016.12.27"]
[Round "1"]
[White "Alferova, Ekaterina"]
[Black "Manusina, Nicole"]
[Result "0-1"]
[Termination "normal"]
[Board "1.3"]
[WhiteElo "1415"]
[BlackElo "1842"]
[WhiteClock "00:01:14"]
[BlackClock "00:02:41"]
[WhiteTeam "TSV Forstenried"]
[BlackTeam "SK Lehrte"]
[PlyCount "84"]
[WhiteFideId "16217250"]
[BlackFideId "24657514"]
[EventCountry "GER"]
[EventRounds "7"]
[EventType "team-swiss"]
[EventDate "2016.12.26"]

1. Nf3 {[%clk 1:30:57]} d5 {[%clk 1:30:10]} 2. g3 {[%clk 1:31:18]} Nf6 {[%clk
1:30:25]} 3. Bg2 {[%clk 1:31:34]} g6 {[%clk 1:30:10]} 4. d3 {[%clk 1:31:49]}
Bg7 {[%clk 1:30:32]} 5. O-O {[%clk 1:32:02]} O-O {[%clk 1:30:44]} 6. Nbd2
{[%clk 1:31:58]} c5 {[%clk 1:30:00]} 7. c4 {[%clk 1:32:15]} Nc6 {[%clk
1:26:21]} 8. a3 {[%clk 1:31:21]} d4 {[%clk 1:14:13]} 9. Rb1 {[%clk 1:30:57]} a5
{[%clk 1:12:59]} 10. Ne1 {[%clk 1:26:24]} a4 {[%clk 1:09:53]} 11. Nc2 {[%clk
1:22:25]} Bf5 {[%clk 1:04:17]} 12. b4 {[%clk 1:14:54]} axb3 {[%clk 1:03:01]}
13. Nxb3 {[%clk 1:14:35]} Qd6 {[%clk 1:01:33]} 14. Bg5 {[%clk 1:04:42]} h6
{[%clk 0:58:54]} 15. Bxf6 {[%clk 1:04:16]} Bxf6 {[%clk 0:59:08]} 16. Nd2 {[%clk
1:01:36]} Ra7 {[%clk 0:51:38]} 17. Ne4 {[%clk 0:57:36]} Bxe4 {[%clk 0:51:56]}
18. Bxe4 {[%clk 0:57:58]} Bg7 {[%clk 0:48:31]} 19. Rb5 {[%clk 0:56:46]} f5
{[%clk 0:26:19]} 20. Bg2 {[%clk 0:56:41]} e6 {[%clk 0:25:57]} 21. Qb1 {[%clk
0:55:54]} Rf7 {[%clk 0:26:15]} 22. Rb6 {[%clk 0:51:22]} Bf6 {[%clk 0:20:15]}
23. Qb2 {[%clk 0:30:58]} Bd8 {[%clk 0:13:56]} 24. Rb5 {[%clk 0:29:54]} b6
{[%clk 0:12:14]} 25. Ra1 {[%clk 0:27:53]} f4 {[%clk 0:11:08]} 26. a4 {[%clk
0:25:23]} Ne5 {[%clk 0:09:15]} 27. Ne1 {[%clk 0:23:28]} fxg3 {[%clk 0:07:41]}
28. hxg3 {[%clk 0:23:31]} Ng4 {[%clk 0:07:01]} 29. Nf3 {[%clk 0:22:33]} h5
{[%clk 0:06:43]} 30. Bh3 {[%clk 0:21:02]} Ne5 {[%clk 0:03:00]} 31. Nxe5 {[%clk
0:15:30]} Qxe5 {[%clk 0:03:28]} 32. Qa2 {[%clk 0:13:50]} h4 {[%clk 0:03:33]}
33. g4 {[%clk 0:09:09]} Bc7 {[%clk 0:03:36]} 34. Bg2 {[%clk 0:08:21]} h3 {[%clk
0:03:53]} 35. Bf3 {[%clk 0:08:16]} Qg5 {[%clk 0:02:20]} 36. Qa3 {[%clk
0:04:03]} Qh4 {[%clk 0:02:15]} 37. a5 {[%clk 0:02:35]} h2+ {[%clk 0:01:55]} 38.
Kh1 {[%clk 0:02:10]} Rxf3 {[%clk 0:01:37]} 39. exf3 {[%clk 0:01:30]} Qh3 {[%clk
0:01:30]} 40. Rg1 {[%clk 0:00:58]} Qxf3+ {[%clk 0:01:53]} 41. Rg2 {[%clk
0:00:59]} Qd1+ {[%clk 0:02:17]} 42. Rg1 {[%clk 0:01:14]} Qxg1# {[%clk 0:02:41]}
0-1

[Event "DVM U20w 2016"]
[Site "Borken-Gemen GER"]
[Date "2016.12.27"]
[Round "1"]
[White "Flach, Helene"]
[Black "Rosmait, Emily"]
[Result "1/2-1/2"]
[Termination "normal"]
[Board "2.2"]
[WhiteElo "1815"]
[BlackElo "1880"]
[WhiteClock "00:16:00"]
[BlackClock "00:03:09"]
[WhiteTeam "SK Langen"]
[BlackTeam "TuRa Harksheide Norderstedt"]
[PlyCount "98"]
[WhiteFideId "12929735"]
[BlackFideId "12937754"]
[EventCountry "GER"]
[EventRounds "7"]
[EventType "team-swiss"]
[EventDate "2016.12.26"]

1. e4 {[%clk 1:30:58]} e5 {[%clk 1:30:13]} 2. Nf3 {[%clk 1:31:23]} Nc6 {[%clk
1:30:34]} 3. Bc4 {[%clk 1:31:49]} Bc5 {[%clk 1:30:30]} 4. c3 {[%clk 1:32:10]}
Nf6 {[%clk 1:30:42]} 5. d3 {[%clk 1:32:35]} O-O {[%clk 1:28:45]} 6. O-O {[%clk
1:31:32]} d6 {[%clk 1:28:37]} 7. Bb3 {[%clk 1:31:25]} h6 {[%clk 1:25:49]} 8.
Nbd2 {[%clk 1:30:40]} Re8 {[%clk 1:24:33]} 9. h3 {[%clk 1:28:24]} a6 {[%clk
1:22:31]} 10. Re1 {[%clk 1:28:15]} Bb6 {[%clk 1:20:51]} 11. Nf1 {[%clk
1:27:27]} Ne7 {[%clk 1:19:58]} 12. Ng3 {[%clk 1:26:41]} Ng6 {[%clk 1:20:15]}
13. Be3 {[%clk 1:21:19]} Bxe3 {[%clk 1:20:17]} 14. fxe3 {[%clk 1:17:47]} d5
{[%clk 1:06:50]} 15. exd5 {[%clk 1:04:05]} Nxd5 {[%clk 1:07:12]} 16. Qc2 {[%clk
0:58:36]} Be6 {[%clk 1:02:02]} 17. Rad1 {[%clk 0:56:30]} c6 {[%clk 0:58:11]}
18. Qf2 {[%clk 0:44:22]} Qc7 {[%clk 0:54:48]} 19. d4 {[%clk 0:26:04]} Rad8
{[%clk 0:51:31]} 20. Rf1 {[%clk 0:18:17]} exd4 {[%clk 0:39:53]} 21. Nxd4 {[%clk
0:16:08]} Rd7 {[%clk 0:26:04]} 22. e4 {[%clk 0:12:30]} Ndf4 {[%clk 0:25:22]}
23. Nxe6 {[%clk 0:12:44]} Nxe6 {[%clk 0:24:56]} 24. Rxd7 {[%clk 0:11:42]} Qxd7
{[%clk 0:25:24]} 25. Rd1 {[%clk 0:11:31]} Qc7 {[%clk 0:24:15]} 26. Nf5 {[%clk
0:08:40]} Ng5 {[%clk 0:13:14]} 27. Nd6 {[%clk 0:07:25]} Re7 {[%clk 0:11:13]}
28. Qd4 {[%clk 0:05:46]} Ne5 {[%clk 0:10:55]} 29. Qc5 {[%clk 0:04:48]} b6
{[%clk 0:07:42]} 30. Qe3 {[%clk 0:03:52]} Rd7 {[%clk 0:06:50]} 31. Nf5 {[%clk
0:03:53]} Rxd1+ {[%clk 0:04:57]} 32. Bxd1 {[%clk 0:04:21]} Qd7 {[%clk 0:04:30]}
33. Bb3 {[%clk 0:03:48]} Qd8 {[%clk 0:02:16]} 34. Qg3 {[%clk 0:03:28]} Qf6
{[%clk 0:01:42]} 35. Qe3 {[%clk 0:02:24]} c5 {[%clk 0:01:30]} 36. Bd5 {[%clk
0:02:29]} Kh7 {[%clk 0:01:20]} 37. Qe2 {[%clk 0:01:38]} a5 {[%clk 0:01:11]} 38.
Ne3 {[%clk 0:01:04]} Qf4 {[%clk 0:00:54]} 39. Nf5 {[%clk 0:00:42]} g6 {[%clk
0:00:43]} 40. Ne3 {[%clk 0:00:33]} h5 {[%clk 0:00:37]} 41. Nc2 {[%clk 0:27:22]}
h4 {[%clk 0:16:34]} 42. Ne1 {[%clk 0:21:40]} Qg3 {[%clk 0:15:53]} 43. Kf1
{[%clk 0:19:54]} Kg7 {[%clk 0:10:23]} 44. Qf2 {[%clk 0:18:08]} Qxf2+ {[%clk
0:10:02]} 45. Kxf2 {[%clk 0:18:36]} Kf6 {[%clk 0:09:35]} 46. Ke3 {[%clk
0:18:04]} Ke7 {[%clk 0:06:20]} 47. Nd3 {[%clk 0:17:13]} Kd6 {[%clk 0:04:26]}
48. Nf4 {[%clk 0:16:14]} f6 {[%clk 0:03:59]} 49. b3 {[%clk 0:16:00]} Ke7 {[%clk
0:03:09]} 1/2-1/2

[Event "DVM U20w 2016"]
[Site "Borken-Gemen GER"]
[Date "2016.12.27"]
[Round "1"]
[White "Köhler, Inken"]
[Black "Silber, Stefanie"]
[Result "1/2-1/2"]
[Termination "normal"]
[Board "2.3"]
[WhiteElo "1944"]
[BlackElo "1708"]
[WhiteClock "00:45:44"]
[BlackClock "00:26:50"]
[WhiteTeam "TuRa Harksheide Norderstedt"]
[BlackTeam "SK Langen"]
[PlyCount "95"]
[WhiteFideId "12929301"]
[BlackFideId "12918245"]
[EventCountry "GER"]
[EventRounds "7"]
[EventType "team-swiss"]
[EventDate "2016.12.26"]

1. e4 {[%clk 1:30:58]} c6 {[%clk 1:30:54]} 2. d4 {[%clk 1:31:17]} d5 {[%clk
1:31:19]} 3. exd5 {[%clk 1:31:37]} cxd5 {[%clk 1:31:42]} 4. Bd3 {[%clk
1:31:49]} Nc6 {[%clk 1:31:46]} 5. c3 {[%clk 1:32:06]} Nf6 {[%clk 1:31:12]} 6.
Bf4 {[%clk 1:31:41]} e6 {[%clk 1:29:39]} 7. Nf3 {[%clk 1:30:53]} Bd6 {[%clk
1:25:27]} 8. Bxd6 {[%clk 1:29:53]} Qxd6 {[%clk 1:25:50]} 9. O-O {[%clk
1:29:50]} O-O {[%clk 1:25:15]} 10. Re1 {[%clk 1:29:06]} Ne7 {[%clk 1:15:37]}
11. Nbd2 {[%clk 1:23:45]} b6 {[%clk 1:09:37]} 12. Ne5 {[%clk 1:20:48]} Ng6
{[%clk 1:05:09]} 13. Nxg6 {[%clk 1:16:05]} hxg6 {[%clk 0:56:03]} 14. Nf3 {[%clk
1:14:20]} Qf4 {[%clk 0:46:25]} 15. Ne5 {[%clk 1:12:17]} Nd7 {[%clk 0:30:30]}
16. Bb5 {[%clk 1:00:04]} Nxe5 {[%clk 0:26:19]} 17. Rxe5 {[%clk 1:00:18]} a5
{[%clk 0:21:06]} 18. Qd3 {[%clk 0:58:40]} Rd8 {[%clk 0:17:06]} 19. a4 {[%clk
0:52:34]} Bd7 {[%clk 0:14:27]} 20. Rae1 {[%clk 0:51:21]} Bxb5 {[%clk 0:14:14]}
21. Qxb5 {[%clk 0:51:07]} Rd6 {[%clk 0:13:27]} 22. g3 {[%clk 0:47:47]} Qf6
{[%clk 0:10:48]} 23. Kg2 {[%clk 0:47:04]} Qd8 {[%clk 0:09:41]} 24. R5e2 {[%clk
0:45:27]} Qd7 {[%clk 0:07:38]} 25. f4 {[%clk 0:39:49]} Qxb5 {[%clk 0:06:43]}
26. axb5 {[%clk 0:40:13]} Re8 {[%clk 0:05:58]} 27. g4 {[%clk 0:38:51]} f5
{[%clk 0:04:12]} 28. h3 {[%clk 0:36:38]} Kf7 {[%clk 0:04:22]} 29. Kg3 {[%clk
0:35:00]} Rh8 {[%clk 0:03:24]} 30. Rh2 {[%clk 0:30:45]} Rdd8 {[%clk 0:02:33]}
31. h4 {[%clk 0:29:58]} Kf6 {[%clk 0:00:58]} 32. Reh1 {[%clk 0:27:43]} Rh7
{[%clk 0:00:43]} 33. h5 {[%clk 0:25:49]} fxg4 {[%clk 0:00:42]} 34. hxg6 {[%clk
0:24:55]} Rxh2 {[%clk 0:00:46]} 35. Rxh2 {[%clk 0:25:12]} Kxg6 {[%clk 0:00:46]}
36. Kxg4 {[%clk 0:25:27]} Rf8 {[%clk 0:00:43]} 37. Rh3 {[%clk 0:22:49]} Kf6
{[%clk 0:00:39]} 38. Rh5 {[%clk 0:22:29]} Kg6 {[%clk 0:00:33]} 39. Rg5+ {[%clk
0:22:28]} Kf6 {[%clk 0:00:34]} 40. f5 {[%clk 0:21:46]} exf5+ {[%clk 0:00:33]}
41. Rxf5+ {[%clk 0:21:42]} Ke7 {[%clk 0:00:47]} 42. Rxd5 {[%clk 0:21:10]} Rf2
{[%clk 0:00:41]} 43. Re5+ {[%clk 0:20:33]} Kd6 {[%clk 0:29:27]} 44. Rg5 {[%clk
0:48:15]} Rxb2 {[%clk 0:28:43]} 45. Rg6+ {[%clk 0:47:26]} Kc7 {[%clk 0:27:58]}
46. Rxg7+ {[%clk 0:47:36]} Kd6 {[%clk 0:27:58]} 47. Rg6+ {[%clk 0:47:25]} Kc7
{[%clk 0:26:50]} 48. Rg7+ {[%clk 0:45:44]} 1/2-1/2

[Event "DVM U20w 2016"]
[Site "Borken-Gemen GER"]
[Date "2016.12.27"]
[Round "1"]
[White "Hietala, Netta"]
[Black "Zimmermann, Jasmin"]
[Result "0-1"]
[Termination "normal"]
[Board "2.4"]
[WhiteElo "1008"]
[BlackElo "1726"]
[WhiteClock "00:03:48"]
[BlackClock "00:13:36"]
[WhiteTeam "SK Langen"]
[BlackTeam "TuRa Harksheide Norderstedt"]
[PlyCount "66"]
[WhiteFideId "12964743"]
[BlackFideId "12900400"]
[EventCountry "GER"]
[EventRounds "7"]
[EventType "team-swiss"]
[EventDate "2016.12.26"]

1. e4 {[%clk 1:30:58]} d6 {[%clk 1:30:53]} 2. Nc3 {[%clk 1:31:08]} Nf6 {[%clk
1:30:55]} 3. Nf3 {[%clk 1:30:11]} Nbd7 {[%clk 1:30:45]} 4. d4 {[%clk 1:28:09]}
e5 {[%clk 1:30:05]} 5. h3 {[%clk 1:27:12]} Be7 {[%clk 1:29:43]} 6. Be3 {[%clk
1:27:07]} O-O {[%clk 1:29:13]} 7. Bd3 {[%clk 1:24:51]} c6 {[%clk 1:26:43]} 8.
O-O {[%clk 1:23:21]} b5 {[%clk 1:25:27]} 9. a3 {[%clk 1:07:35]} Re8 {[%clk
1:16:43]} 10. Re1 {[%clk 0:55:59]} Bb7 {[%clk 1:15:01]} 11. b4 {[%clk 0:48:49]}
a6 {[%clk 1:11:19]} 12. dxe5 {[%clk 0:43:58]} dxe5 {[%clk 1:09:51]} 13. Rb1
{[%clk 0:37:40]} Qc7 {[%clk 1:06:45]} 14. Bg5 {[%clk 0:33:19]} c5 {[%clk
1:02:30]} 15. Qd2 {[%clk 0:30:26]} Rac8 {[%clk 0:51:06]} 16. Bxf6 {[%clk
0:21:32]} Nxf6 {[%clk 0:48:16]} 17. Na2 {[%clk 0:19:59]} c4 {[%clk 0:38:53]}
18. Bf1 {[%clk 0:19:48]} Nxe4 {[%clk 0:37:02]} 19. Qe3 {[%clk 0:17:51]} f6
{[%clk 0:32:13]} 20. c3 {[%clk 0:17:24]} Rcd8 {[%clk 0:28:30]} 21. Red1 {[%clk
0:13:19]} Rxd1 {[%clk 0:27:44]} 22. Rxd1 {[%clk 0:13:43]} Rd8 {[%clk 0:27:45]}
23. Rxd8+ {[%clk 0:12:37]} Qxd8 {[%clk 0:27:39]} 24. Be2 {[%clk 0:12:04]} Bd6
{[%clk 0:24:54]} 25. Nd2 {[%clk 0:10:44]} Ng5 {[%clk 0:19:55]} 26. Bg4 {[%clk
0:08:37]} g6 {[%clk 0:15:12]} 27. Bf3 {[%clk 0:05:00]} Nxf3+ {[%clk 0:14:41]}
28. Nxf3 {[%clk 0:05:23]} Bc7 {[%clk 0:14:06]} 29. Qc5 {[%clk 0:03:42]} Bb6
{[%clk 0:12:59]} 30. Qxb6 {[%clk 0:03:01]} Qxb6 {[%clk 0:13:19]} 31. Nc1 {[%clk
0:03:26]} Bxf3 {[%clk 0:13:33]} 32. gxf3 {[%clk 0:03:45]} Qd6 {[%clk 0:13:30]}
33. Kg2 {[%clk 0:03:48]} Qd2 {[%clk 0:13:36]} 0-1

[Event "DVM U20w 2016"]
[Site "Borken-Gemen GER"]
[Date "2016.12.27"]
[Round "1"]
[White "Voß, Henrike"]
[Black "Wiesner, Paula"]
[Result "0-1"]
[Termination "normal"]
[Board "3.1"]
[WhiteElo "1591"]
[BlackElo "2034"]
[WhiteTeam "Hamburger SK"]
[BlackTeam "Karlsruher SF"]
[PlyCount "88"]
[WhiteFideId "12971910"]
[BlackFideId "24654019"]
[EventCountry "GER"]
[EventRounds "7"]
[EventType "team-swiss"]
[EventDate "2016.12.26"]

1.e4 e6 2.d4 d5 3.Nd2 Nf6 4.e5 Nfd7 5.Bd3 c5 6.c3 Nc6 7.Ne2 cxd4 8.cxd4 f6
9.Nf4 Nxd4 10.Qh5+ Ke7 11.Ng6+ hxg6 12.exf6+ Nxf6 13.Qxh8 Kf7 14.Qh4 e5 15.Nf3
Nxf3+ 16.gxf3 Bf5 17.Bxf5 gxf5 18.Bg5 Qa5+ 19.Kf1 Be7 20.Kg2 Rc8 21.Rac1 Rc6
22.Rhg1 Qc7 23.Kh1 d4 24.Qh8 Bf8 25.Rxc6 Qxc6 26.Qh3 Qe6 27. Rc1 Nd5 28.Re1 Bb4
29.Qh5+ Kg8 30.Rd1 Nc7 31.a3 Bd6 32.Kg1 Qd5 33.Bd8 Qe6 34.f4 Nd5 35.fxe5 Nf4
36.Qf3 Qxe5 37.Bh4 Ne6 38.Bg3 f4 39.Bh4 g5 40.Qxb7 gxh4 41.Qa8+ Kh7 42.Qxa7+
Kh6 43.Qb7 Ng5 44.Qa8 f3 0-1

[Event "DVM U20w 2016"]
[Site "Borken-Gemen GER"]
[Date "2016.12.27"]
[Round "1"]
[White "Hund, Sarah"]
[Black "Reich, Kristina"]
[Result "1/2-1/2"]
[Termination "normal"]
[Board "3.2"]
[WhiteElo "1940"]
[BlackElo "1618"]
[WhiteTeam "Karlsruher SF"]
[BlackTeam "Hamburger SK"]
[PlyCount "137"]
[WhiteFideId "12923338"]
[BlackFideId "12964719"]
[EventCountry "GER"]
[EventRounds "7"]
[EventType "team-swiss"]
[EventDate "2016.12.26"]

1.e4 e5 2.Nf3 Nc6 3.Bc4 Nf6 4.d3 Bc5 5.c3 a6 6.Bb3 Ba7 7.Nbd2 d6 8.h3 O-O 9.Nf1
b5 10.Ng3 d5 11.Qe2 Re8 12.Bg5 Qd6 13.Bxf6 Qxf6 14.Bxd5 Bd7 15.O-O Rad8 16.Bb3
Qg6 17.Kh2 Na5 18.Bc2 c5 19.Nh4 Qg5 20.Nf3 Qg6 21.Rad1 Nc6 22. Nh4 Qg5 23.Nhf5
Bxf5 24.Nxf5 Ne7 25.Ne3 Rd6 26.Rd2 Rg6 27.g3 Rd8 28.Bb3 Rgd6 29.f4 exf4 30.gxf4
Qh4 31.Ng2 Qh6 32.Rdd1 Bb8 33.e5 Rc6 34.Ne3 g6 35. Ng4 Qg7 36.Qe4 Kh8 37.Nf6
Rc7 38.Rg1 Rf8 39.Qe1 Nf5 40.Bc2 Ne7 41.Rg4 Ng8 42.Ne4 f5 43.exf6 Nxf6 44.Nxf6
Rxf6 45.Qe3 Qf8 46.Re1 Rcf7 47.Qe8 Bxf4+ 48.Kg1 Bh6 49.Qxf8+ Rxf8 50.Re7 Rf4
51.Rxf4 Bxf4 52.Bb3 Bg5 53.Kg2 Bh6 54. Bd5 Rd8 55.c4 Bg7 56.Bb7 bxc4 57.Bxa6
cxd3 58.Bxd3 Rxd3 59.Re8+ Bf8 60. Rxf8+ Kg7 61.Rb8 Rd2+ 62.Kg3 Rd3+ 63.Kg4 Rd4+
64.Kf3 Rd3+ 65.Kg2 Rd2+ 66. Kf3 Rd3+ 67.Kg4 Rd4+ 68.Kf3 Rd3+ 69.Kg4 1/2-1/2

[Event "DVM U20w 2016"]
[Site "Borken-Gemen GER"]
[Date "2016.12.27"]
[Round "1"]
[White "Leinemann, Vivien S."]
[Black "Mangei, Jasmin"]
[Result "1/2-1/2"]
[Termination "normal"]
[Board "3.3"]
[WhiteElo "1627"]
[BlackElo "1911"]
[WhiteTeam "Hamburger SK"]
[BlackTeam "Karlsruher SF"]
[PlyCount "116"]
[WhiteFideId "16208536"]
[BlackFideId "12951803"]
[EventCountry "GER"]
[EventRounds "7"]
[EventType "team-swiss"]
[EventDate "2016.12.26"]

1.e4 e5 2.Nf3 Nc6 3.Bb5 a6 4.Ba4 Nf6 5.d3 b5 6.Bb3 Be7 7.O-O d6 8.c3 O-O 9.Nbd2
Na5 10.Bc2 c5 11.Re1 Qc7 12.Nf1 Nc6 13.Ng3 Bd7 14.Be3 Rac8 15.Rc1 Qb8 16.d4
cxd4 17.cxd4 Nb4 18.Bb1 Nc6 19.h3 Rc7 20.Qd2 Rfc8 21.Red1 Nd8 22.Rxc7 Qxc7
23.Rc1 Qb8 24.Rxc8 Bxc8 25.Qc3 b4 26.Qb3 Be6 27.d5 Bd7 28.Bd2 a5 29.a3 Nb7
30.axb4 axb4 31.Qxb4 Qa8 32.Be3 Bc8 33.Qa3 Qxa3 34.bxa3 Bd8 35.Nd2 Na5 36.Bd3
Bd7 37.f3 Kf8 38.Nc4 Nxc4 39.Bxc4 Ba5 40.Ne2 Ke7 41.Kf1 Ne8 42.Bc1 Nc7 43.Bb2
f5 44.Nc3 f4 45.Ke2 Na8 46.Kd3 Nb6 47.Bb3 Kd8 48.a4 Bxc3 49.Bxc3 Nxa4 50.Bxa4
Bxa4 51.Bb4 Kd7 52.Kd2 Bb5 53.Ke1 Bd3 54.Ba3 g5 55.Bb4 h5 56.Kf2 g4 57.hxg4
hxg4 58.Ba3 g3+ 1/2-1/2

[Event "DVM U20w 2016"]
[Site "Borken-Gemen GER"]
[Date "2016.12.27"]
[Round "1"]
[White "Henke, Hanna"]
[Black "Reiter, Nicole"]
[Result "0-1"]
[Termination "normal"]
[Board "3.4"]
[WhiteElo "1268"]
[BlackElo "1296"]
[WhiteTeam "Karlsruher SF"]
[BlackTeam "Hamburger SK"]
[PlyCount "118"]
[WhiteFideId "12964441"]
[BlackFideId "16212126"]
[EventCountry "GER"]
[EventRounds "7"]
[EventType "team-swiss"]
[EventDate "2016.12.26"]

1.e4 d5 2.exd5 Qxd5 3.Nc3 Qd6 4.d4 Nf6 5.Nf3 g6 6.Be3 Bg7 7.Qd2 O-O 8.Bh6 a6
9.O-O-O Bf5 10.Bxg7 Kxg7 11.Nh4 Bd7 12.f4 Nc6 13.d5 Nb4 14.a3 Nxc2 15. Kxc2
Rfd8 16.f5 b5 17.fxg6 hxg6 18.Qd4 Bg4 19.Be2 Bxe2 20.Nxe2 Qxd5 21. Qxd5 Rxd5
22.Rxd5 Nxd5 23.Nc3 Rd8 24.Nxd5 Rxd5 25.Rd1 c6 26.Rxd5 cxd5 27. Nf3 Kf6 28.Kd3
e5 29.Nd2 Kf5 30.Nb3 d4 31.Nc5 a5 32.g3 Kg4 33.Ke4 f6 34. Nd7 f5+ 35.Kxe5 d3
36.Nb6 d2 37.Nd5 Kf3 38.Nc3 b4 39.axb4 axb4 40.Nd1 Ke2 41.Kd4 Kxd1 42.Kd3 Kc1
43.g4 d1=Q+ 44.Ke3 Kc2 45.gxf5 gxf5 46.h4 Qd3+ 47. Kf4 Kd2 48.h5 Qh3 49.Kg5 Ke3
50.h6 f4 51.Kg6 f3 52.Kg7 f2 53.h7 Qxh7+ 54. Kxh7 f1=Q 55.b3 Qg2 56.Kh8 Kf4
57.Kh7 Kf5 58.Kh8 Kf6 59.Kh7 Qg7# 0-1

[Event "DVM U20w 2016"]
[Site "Borken-Gemen GER"]
[Date "2016.12.27"]
[Round "1"]
[White "Simon, Tessa"]
[Black "Peglau, Mirjam"]
[Result "1-0"]
[Termination "normal"]
[Board "4.1"]
[WhiteElo "1917"]
[BlackElo "1600"]
[WhiteTeam "Muldental Wilkau-Haßlau"]
[BlackTeam "SV Bannewitz"]
[PlyCount "69"]
[WhiteFideId "12929395"]
[BlackFideId "16211138"]
[EventCountry "GER"]
[EventRounds "7"]
[EventType "team-swiss"]
[EventDate "2016.12.26"]

1.e4 e6 2.d4 d5 3.Nc3 Nf6 4.Bg5 Be7 5.e5 Nfd7 6.Bxe7 Qxe7 7.f4 a6 8.Nf3 c5
9.Qd2 Nc6 10.dxc5 Nxc5 11.Bd3 Nxd3+ 12.cxd3 b5 13.O-O O-O 14.Rac1 Bb7 15. Kh1
Rac8 16.Qf2 Nb4 17.Rcd1 Qc5 18.Qh4 Rc7 19.Ng5 h6 20.Nh3 Qe7 21.Qg3 Kh7 22.a3
Nc6 23.f5 Rg8 24.d4 Na5 25.Rf4 exf5 26.Rxf5 g6 27.Rf6 Rc6 28.Nxd5 Qd7 29.Rxc6
Qxc6 30.Nf6+ Kg7 31.Nxg8 Qc2 32.Rf1 Kxg8 33.Nf4 g5 34.Nh5 Nc4 35.e6 1-0

[Event "DVM U20w 2016"]
[Site "Borken-Gemen GER"]
[Date "2016.12.27"]
[Round "1"]
[White "Peglau, Sarah"]
[Black "Moses, Selina"]
[Result "0-1"]
[Termination "normal"]
[Board "4.2"]
[WhiteElo "1332"]
[BlackElo "1872"]
[WhiteTeam "SV Bannewitz"]
[BlackTeam "Muldental Wilkau-Haßlau"]
[PlyCount "68"]
[WhiteFideId "16219961"]
[BlackFideId "12908070"]
[EventCountry "GER"]
[EventRounds "7"]
[EventType "team-swiss"]
[EventDate "2016.12.26"]

1.e4 c5 2.Nf3 d6 3.d4 cxd4 4.Nxd4 Nf6 5.Nc3 a6 6.Bg5 Nbd7 7.Bc4 e6 8.O-O b5
9.Bb3 Nc5 10.Qf3 Bb7 11.Rfe1 Be7 12.Rad1 Qc7 13.a3 Nfxe4 14.Bxe7 Nxc3 15.Qxc3
Qxe7 16.Ba2 O-O 17.Qh3 Qf6 18.Re3 Ne4 19.f3 Nc5 20.c4 bxc4 21.Bxc4 Rac8 22.b4
d5 23.Ba2 Na4 24.Bb1 h6 25.Bc2 Nb2 26.Rd2 Nc4 27.Red3 Nxd2 28. Rxd2 Rc4 29.Ne2
Rfc8 30.Bd3 R4c7 31.Ng3 Qd4+ 32.Kf1 Rc1+ 33.Ke2 Qe5+ 34. Kf2 Qe1# 0-1